000 01171cam a2200229 4500
001 L159886
008 031114n2017 000 0 eng u
035 _a(Sirsi) u159886
041 _aeng
050 _a306.82
_c18
100 _aBramley, Glen
245 _aHomelessness projections
_bCore homelessness in Great Britain (2017)
_h[electronic resource]
260 _a[S.l.]
_bCrisis
_c2017
520 _aThis summary report is the first part of a two-part study examining the current and projected levels of different categories of homelessness, defined as ?core? and ?wider? homelessness. The figures set out in this report examine current levels of core homelessness across England, Scotland and Wales, their projected levels until 2041, factors driving these and the potential impact of policy measures to address the issue.
650 _aHOUSING STATISTICS
650 _aHOMELESSNESS
650 _aTEMPORARY ACCOMMODATION
651 4 _aENGLAND AND WALES
690 _aAffordable housing
_96215
856 4 0 _uhttps://www.crisis.org.uk/media/237582/crisis_homelessness_projections_2017.pdf
_zView the homelessness statistics at www.crisis.org.uk
942 _n0
999 _c116141
_d116141